| 000 | 00494cam a22001457a 4500 | ||
|---|---|---|---|
| 008 | 180718b1999 xxu||||| |||| 00| 0 eng d | ||
| 020 | _a0198296347 | ||
| 082 | _aF83 Ev15 | ||
| 245 |
_aEnd of class politics?: class voting in comparative context _cedited by Geoffrey Evans |
||
| 260 |
_aOxford _bOxford Uniersity Press _c1999 |
||
| 300 | _a364p. | ||
| 650 | _aSocial classes - Political aspects - History - 20th century | ||
| 650 | _aVoting - History - 20th century | ||
| 700 | _aEvans, Geoffrey | ||
| 999 |
_c391990 _d391990 |
||